000 00458nam a2200181Ia 4500
001 22537
005 20260414150838.0
008 260414t2015||||xx |||||||||||||| ||spa||
041 _aESP
082 _a621.382
_bG48
100 _aGiordano, Arthur A.
_eAUT
245 0 _aModeling of digital communications systems using Simulink
_b
260 _c2015
300 _a377 páginas :
_c24 cm.
650 _aTCA
654 _aCET
942 _cLIB
_dJUS
_fJUS
_2ddc
_n
999 _c22537
_d22537